[Event "I IRT Mem Mauricio Maghelly - ALEX 2023"]
[Site "?"]
[Date "2023.01.31"]
[Round "2.2"]
[White "De Almeida, Roberto A. Ferreira"]
[Black "Figueiredo, Francisco Marques"]
[Result "1-0"]
[WhiteElo "1708"]
[BlackElo "1911"]
[PlyCount "101"]
[EventDate "2023.??.??"]

{[%evp 11,101,27,63,-70,34,-73,-9,-72,-69,-164,-177,-298,0,0,5,-76,-79,-145,
-113,-143,-91,-159,0,0,0,-51,-45,-42,106,100,160,84,107,113,150,101,132,119,
183,181,263,257,554,304,459,440,529,345,488,482,477,460,541,504,556,537,597,
583,634,571,570,569,689,680,672,663,656,618,639,637,636,627,615,610,1079,1187,
1467,1464,1461,1460,1475,1469,29989,29990,29990,29991,29991,29992,29992,29993,
29993,29994]} 1. e4 {[%emt 0:00:02]} d6 {[%emt 0:00:09]} 2. d4 {[%emt 0:00:06]}
Nf6 {[%emt 0:00:45]} 3. Nc3 {[%emt 0:00:19]} g6 {[%emt 0:00:32]} 4. Nf3 {
[%emt 0:00:34]} Bg7 {[%emt 0:00:25]} 5. Bc4 {[%emt 0:00:20]} O-O {[%emt 0:00:
58]} 6. O-O {[%emt 0:00:02]} Nc6 {[%eval 63,28] [%wdl 155,845,0] [%emt 0:02:16]
} (6... Nxe4 $11 {[%eval 27,30] [%wdl 30,968,2]} 7. Nxe4 d5) {[%tqu "En","","",
"","d4d5","",10]} 7. a3 {[%eval -70,25] [%wdl 0,794,206] [%emt 0:00:33] B08:
Pirc Defence: Classical System.} (7. d5 $1 $14 {[%eval 63,28] [%wdl 155,845,0]}
Ne5 8. Nxe5 dxe5 9. Be3) {[%tqu "En","","","","f6e4","",10]} 7... a6 {[%eval
34,29] [%wdl 38,961,1] [%emt 0:03:14]} (7... Nxe4 $1 $15 {[%eval -70,25] [%wdl
0,794,206]} 8. Nxe4 d5) 8. b4 $146 {[%eval -73,25] [%wdl 0,765,235] [%emt 0:04:
02]} (8. d5 $14 {[%eval 34,29] [%wdl 38,961,1]} Na5 9. Be2) ({Predecessor:} 8.
Re1 Bg4 9. Be3 e5 10. Be2 Re8 11. dxe5 dxe5 12. Qxd8 Raxd8 13. Rad1 h6 14. h3
Bc8 {1-0 (53) Bui,T (2292)-Kieu,B (2299) Hanoi 2020}) {[%tqu "En","","","",
"f6e4","",10]} 8... b5 {[%eval -9,28] [%wdl 4,986,10] [%emt 0:01:27]} (8...
Nxe4 $1 $17 {[%eval -73,25] [%wdl 0,765,235]} 9. Nxe4 d5) 9. Ba2 {[%eval -72,
22] [%wdl 0,783,217] [%emt 0:00:03]} (9. Be2 $11 {[%eval -9,28] [%wdl 4,986,10]
}) 9... Bg4 $17 {[%emt 0:05:05]} 10. Be3 {[%eval -164,24] [%wdl 0,28,972] 
[%emt 0:02:56]} (10. h3 $15 {[%eval -69,29] [%wdl 0,808,192]} Bxf3 11. gxf3) {
[%tqu "En","","","","e7e5","",10]} 10... e5 $1 $19 {[%emt 0:04:44] [#] aiming
for ...Bxf3.} 11. d5 {[%eval -298,28] [%wdl 0,0,1000] [%emt 0:05:16]} (11. Ne2
{[%eval -177,29] [%wdl 0,15,985] was called for.}) {[%tqu "En","","","","c6d4",
"",10]} 11... Ne7 $2 {[%eval 0,32] [%wdl 6,988,6] [%emt 0:01:32]} (11... Nd4 $1
$19 {[%eval -298,28] [%wdl 0,0,1000] Hoping for ...Nh5.} 12. Kh1 Nh5) 12. h3 {
[%emt 0:00:14]} {[%tqu "En","","","","g4d7","",10]} Bd7 {[%emt 0:00:49]} 13.
Nd2 {[%eval -76,23] [%wdl 0,754,246] [%emt 0:02:01]} (13. Re1 $11 {[%eval 5,30]
[%wdl 8,988,4] remains equal.}) {[%tqu "En","","","","f6h5","",10]} 13... Nh5
$1 $17 {[%emt 0:03:04]} 14. Nb3 {[%eval -145,29] [%wdl 0,71,929] [%emt 0:01:52]
} (14. Bb3 $142 {[%eval -79,26] [%wdl 0,718,282]}) 14... f5 {[%eval -113,27] 
[%wdl 0,302,698] [%emt 0:01:30]} ({Black should play} 14... Kh8 {[%eval -145,
29] [%wdl 0,71,929]} 15. Ne2 f5) 15. Bg5 {[%emt 0:04:11][%cal Ob3c5]} f4 {
[%eval -91,26] [%wdl 0,578,422] [%emt 0:02:17]} (15... Kh8 $142 {[%eval -143,
23] [%wdl 0,79,921]} 16. f3 Bf6 17. Bxf6+ Nxf6) 16. Na5 {[%eval -159,29] [%wdl
0,34,966] [%emt 0:00:52]} (16. Nc5 $142 {[%eval -91,26] [%wdl 0,578,422]})
16... Kh8 $2 {[%eval 0,34] [%wdl 5,990,5] [%emt 0:02:27]} ({Black should try} 
16... f3 $17 {[%eval -159,29] [%wdl 0,34,966] And now ...fxg2 would win.} 17.
Nc6 Bxc6 18. dxc6+ Kh8) {[%tqu "En","","","","a5c6","",10]} 17. Nc6 $1 $11 {
[%emt 0:02:31]} Bxc6 {[%emt 0:00:18]} 18. Bxe7 {[%eval -51,28] [%wdl 0,925,75]
[%emt 0:02:19]} (18. dxc6 $11 {[%eval 0,34] [%wdl 5,990,5]} f3 19. Nd5 (19.
gxf3 Nf4 $17) 19... fxg2 20. Bxe7 (20. Kxg2 Nf4+ 21. Kh2 Nfxd5 $15) 20...
gxf1=Q+ 21. Qxf1) 18... Qxe7 $15 {[%emt 0:00:15]} 19. dxc6 {[%emt 0:00:07]} {
[%tqu "En","","","","f4f3","",10]} Nf6 {[%eval 106,29] [%wdl 610,390,0] [%emt
0:08:08]} (19... f3 $1 $15 {[%eval -42,29] [%wdl 0,954,46] stays ahead.} 20. g3
Qg5) 20. Nd5 $36 {[%emt 0:03:43][%mdl 2048] White has strong initiative.} Nxd5
{[%eval 160,29] [%wdl 968,32,0] [%emt 0:00:12]} (20... Qd8 $142 {[%eval 100,30]
[%wdl 531,469,0]}) 21. Qxd5 {[%eval 84,29] [%wdl 319,681,0] [%emt 0:02:24]} (
21. Bxd5 $142 {[%eval 160,29] [%wdl 968,32,0]} f3 22. g3) 21... f3 {[%emt 0:02:
34]} 22. g3 {[%emt 0:01:58][%cal Oa3a4]} Qg5 {[%eval 150,32] [%wdl 946,54,0] 
[%emt 0:01:05]} (22... h5 $142 {[%eval 113,28] [%wdl 694,306,0]}) {[%tqu "En",
"","","","a3a4","",10]} 23. Rad1 {[%eval 101,30] [%wdl 536,464,0] [%emt 0:01:
18]} (23. a4 $142 $1 {[%eval 150,32] [%wdl 946,54,0]}) 23... Qh5 {[%eval 132,
28] [%wdl 863,137,0] [%emt 0:00:28]} ({Better is} 23... h5 {[%eval 101,30] 
[%wdl 536,464,0]}) 24. Kh2 $16 {[%emt 0:00:50]} g5 {[%eval 183,23] [%wdl 990,
10,0] [%emt 0:02:46]} (24... Qg5 $16 {[%eval 119,28] [%wdl 757,243,0] might
work better.}) 25. Qe6 $18 {[%emt 0:02:19]} Rf6 {[%eval 263,25] [%wdl 1000,0,0]
[%emt 0:02:17]} (25... Rae8 $142 {[%eval 181,30] [%wdl 989,11,0]} 26. Qd7 Bf6)
26. Qd7 {[%emt 0:05:03]} Rh6 $2 {[%eval 554,28] [%wdl 1000,0,0] [%emt 0:03:07]}
(26... Qe8 {[%eval 257,30] [%wdl 1000,0,0]} 27. Qxc7 Rc8) 27. Be6 {[%emt 0:00:
12][%cal Ba2e6,Be6g4,Bg4h3][%mdl 32]} Rf8 {[%eval 459,26] [%wdl 1000,0,0] 
[%emt 0:06:05]} (27... Rf6 $142 {[%eval 304,29] [%wdl 1000,0,0]} 28. Rd3 Bh6)
28. Bg4 {[%emt 0:03:58]} Qg6 {[%emt 0:00:05]} 29. Rfe1 {[%emt 0:02:43]} Rf7 {
[%eval 488,22] [%wdl 1000,0,0] [%emt 0:01:00]} (29... d5 {[%eval 345,30] [%wdl
1000,0,0] is a better defense.} 30. exd5 (30. Qxc7 d4 $16) (30. Rxd5 Qxc6 31.
Kg1 Qxd7 $16) 30... Qxc2) 30. Qc8+ {[%emt 0:02:49]} Bf8 {[%emt 0:00:13]} 31.
Qxa6 {[%emt 0:01:10]} Qg7 {[%emt 0:03:51]} 32. Qxb5 {[%emt 0:01:29]} Rxh3+ {
[%emt 0:00:57]} 33. Bxh3 {[%emt 0:01:23]} Qh6 {[%emt 0:00:02]} 34. g4 {[%emt 0:
01:27]} Qh4 {[%emt 0:00:20]} 35. Qf1 {[%emt 0:00:51]} h5 {[%emt 0:00:49]} 36.
Qg1 {[%emt 0:01:07]} ({Less strong is} 36. gxh5 g4 $16) 36... Rf4 {[%emt 0:00:
27]} 37. Qg3 {[%emt 0:01:31]} Rxg4 {[%emt 0:00:27]} 38. Qxh4 {[%emt 0:01:21]}
Rxh4 {[%emt 0:00:09]} 39. Rg1 {[%emt 0:01:26]} g4 {[%emt 0:00:15][%csl Gg4]
[%cal Rh4h3] [#]} {[%tqu "En","","","","g1g3","",10]} 40. Rg3 {[%emt 0:00:22]}
Bh6 {[%emt 0:00:33]} {[%tqu "En","","","","d1h1","",10]} 41. Rh1 $1 {[%emt 0:
02:24]} Bf4 {[%emt 0:00:49]} (41... Bd2 42. Kg1) {[%tqu "En","","","","h2g1",
"",10]} 42. Kg1 $1 {[%emt 0:00:29]} Bxg3 {[%emt 0:01:11]} (42... Kh7 43. Rxf3)
43. fxg3 {[%emt 0:02:17]} Rxh3 {[%emt 0:02:33]} 44. Rxh3 {[%emt 0:00:15]} gxh3
{[%emt 0:00:20][%mdl 4096] Endgame KP-KP} 45. b5 {[%emt 0:00:12]} d5 {[%emt 0:
00:33]} 46. b6 {[%emt 0:00:03]} dxe4 {[%emt 0:00:17]} 47. bxc7 {[%emt 0:00:04]
White mates.} f2+ {[%emt 0:01:00]} 48. Kxf2 {[%emt 0:00:36]} e3+ {[%emt 0:00:
09]} 49. Kxe3 {[%emt 0:00:26]} h2 {[%emt 0:00:12]} 50. c8=Q+ {[%emt 0:00:09]}
Kg7 {[%emt 0:00:27]} 51. Qh3 {[%emt 0:00:02] Weighted Error Value: White=0.53/
Black=0.67} 1-0

[Event "I IRT Mem Mauricio Maghelly - ALEX 2023"]
[Site "?"]
[Date "2023.01.31"]
[Round "2.4"]
[White "Rodrigues, Nei Jorge"]
[Black "Fernandes, Joao Manoel Strauss"]
[Result "1/2-1/2"]
[WhiteElo "1845"]
[BlackElo "1733"]
[PlyCount "127"]
[EventDate "2023.??.??"]

{[%evp 9,127,40,31,14,30,9,20,11,4,-20,-6,-15,-2,-41,3,-65,-42,-85,-69,-67,-67,
-144,-148,-154,-151,-229,-225,-222,-212,-219,-199,-188,-50,-45,-52,-151,-155,
-309,-290,-333,-349,-350,-360,-362,-349,-400,-367,-404,-401,-402,-385,-379,
-334,-596,-594,-584,-594,-565,-558,-548,-512,-512,-483,-626,-638,-777,-777,
-774,-768,-766,-761,-758,-757,-739,-737,-665,-668,-714,-667,-663,-624,-633,
-624,-626,-621,-564,-38,-38,0,0,0,-119,-119,-257,0,0,0,0,0,0,0,0,0,0,0,0,0,0,0,
0,0,0,0,0,0,0,0,0,0,0]} 1. Nf3 {[%emt 0:00:07]} d5 {[%emt 0:09:24]} 2. g3 {
[%emt 0:00:28]} Nc6 {[%emt 0:02:01]} 3. d4 {[%emt 0:00:18]} Bf5 {[%emt 0:00:11]
} 4. Bg2 {[%emt 0:01:22]} Nb4 {[%emt 0:01:46]} 5. Na3 {[%emt 0:00:03][%cal
Bb1a3,Ba3c2,Bc2e3][%mdl 32]} e6 {[%emt 0:00:10]} 6. c3 {[%emt 0:01:51] D02: 1
d4 d5 2 Nf3 sidelines, including 2...Nf6 3 g3 and 2...Nf6 3 Bf4.} Nc6 {[%emt 0:
00:09]} 7. Nc2 {[%emt 0:01:16]} Nf6 {[%emt 0:00:29][%cal Bg8f6,Bf6d7,Bd7b6]
[%mdl 32]} 8. O-O {[%emt 0:01:18]} h6 {[%emt 0:00:30]} 9. a3 $146 {[%emt 0:01:
41]} ({Predecessor:} 9. b3 Be7 10. Bb2 O-O 11. Nce1 a5 12. a4 Ne4 13. Nd3 Bh7
14. Rc1 Nb8 15. Nd2 Nxd2 16. Qxd2 {1-0 (47) Andreikin,D (2729)-Xiong,J (2692)
Chess.com INT 2022}) 9... a5 {[%emt 0:06:07]} 10. Ne3 {[%emt 0:01:44]} Be4 {
[%emt 0:00:56]} 11. Qa4 {[%eval -41,24] [%wdl 1,948,51] [%emt 0:06:21]} (11. c4
$11 {[%eval -2,31] [%wdl 5,988,7]}) 11... Be7 {[%eval 3,32] [%wdl 7,988,5] 
[%emt 0:14:10]} (11... Qd7 $15 {[%eval -41,24] [%wdl 1,948,51] should be
considered.}) 12. Bd2 {[%eval -65,28] [%wdl 0,845,155] [%emt 0:07:11]} ({
White should play} 12. Ne5 $1 $11 {[%eval 3,32] [%wdl 7,988,5]}) 12... Nd7 {
[%emt 0:05:00]} 13. Rfc1 {[%eval -85,27] [%wdl 0,653,347] [%emt 0:01:12]} (13.
Qd1 $15 {[%eval -42,29] [%wdl 1,947,52]}) 13... Nb6 {[%emt 0:02:32]} {[%tqu
"En","","","","a4d1","",10]} 14. Qd1 {[%emt 0:00:21]} a4 {[%emt 0:01:15]} {
[%tqu "En","","","","c3c4","",10]} 15. b4 {[%eval -144,24] [%wdl 0,74,926] 
[%emt 0:00:02] Against Na5} (15. c4 $1 $15 {[%eval -67,28] [%wdl 0,832,168]})
15... axb3 $1 $17 {[%emt 0:02:13]} 16. Qxb3 {[%emt 0:00:18]} O-O {[%emt 0:00:
16]} 17. Ne5 {[%eval -229,24] [%wdl 0,1,999] [%emt 0:01:11]} (17. Ne1 $17 {
[%eval -151,27] [%wdl 0,53,947]}) 17... Nxe5 $19 {[%emt 0:01:07]} 18. dxe5 {
[%emt 0:00:34]} Bxg2 {[%emt 0:00:30]} 19. Kxg2 {[%emt 0:00:28]} Nc4 {[%emt 0:
07:51]} 20. Rd1 {[%emt 0:12:54]} Rxa3 {[%eval -50,29] [%wdl 0,931,69] [%emt 0:
01:35]} (20... Nxe5 $19 {[%eval -188,29] [%wdl 0,7,993] And now ...b6 would
win.} 21. Qxb7 Bc5) 21. Rxa3 $15 {[%emt 0:00:34]} Nxa3 {[%emt 0:00:08]} 22. Bc1
{[%eval -151,27] [%wdl 0,53,947] [%emt 0:04:37]} ({Better is} 22. Qxb7 $15 {
[%eval -52,30] [%wdl 0,923,77]} Qa8 23. Qxa8 Rxa8 24. Ra1) 22... Qa8 $17 {
[%emt 0:01:30][%cal Oa3c4]} 23. Bb2 $2 {[%eval -309,31] [%wdl 0,0,1000] [%emt
0:00:27]} (23. Bxa3 $17 {[%eval -155,29] [%wdl 0,44,956]} Qxa3 24. Qxa3 Bxa3
25. Rb1) 23... Nc4 $1 $19 {[%emt 0:00:56]} 24. Ra1 {[%emt 0:03:21]} Nxe3+ {
[%emt 0:00:10]} 25. fxe3 {[%emt 0:00:05]} Qb8 {[%emt 0:01:27]} 26. c4 {[%emt 0:
00:21]} Rd8 {[%emt 0:01:49]} 27. Rc1 {[%emt 0:02:57]} b6 {[%emt 0:00:52]} 28.
cxd5 {[%emt 0:00:19]} Rxd5 {[%emt 0:00:41]} 29. e4 {[%emt 0:01:40]} Rd2 {
[%emt 0:03:31]} 30. Kf3 {[%emt 0:01:43]} Bg5 {[%emt 0:00:39][%cal Od2b2] . ..
Rxb2! is the strong threat.} 31. h4 $2 {[%eval -596,27] [%wdl 0,0,1000] [%emt
0:01:52]} (31. Rb1 {[%eval -334,30] [%wdl 0,0,1000]}) 31... Rxb2 $1 {[%emt 0:
00:36][%mdl 512]} 32. Qxb2 {[%emt 0:00:17]} Bxc1 {[%emt 0:00:03]} 33. Qxc1 {
[%emt 0:00:15][%mdl 4096] Endgame KQ-KQ} c5 {[%emt 0:00:13]} 34. Qc3 {[%emt 0:
03:18]} Kf8 {[%emt 0:01:02]} 35. g4 {[%emt 0:00:38]} Qd8 {[%emt 0:01:42]} 36.
g5 {[%emt 0:01:47]} hxg5 {[%emt 0:00:34]} 37. hxg5 {[%emt 0:00:04]} Qxg5 {
[%emt 0:00:16]} 38. Qb2 {[%emt 0:00:27]} Qh5+ {[%emt 0:00:42]} 39. Kf2 {
[%emt 0:01:40]} Qh4+ {[%emt 0:02:18]} 40. Kf3 {[%emt 0:00:04]} Qd8 {[%emt 0:00:
14]} 41. Qb5 {[%emt 0:00:26]} Qc7 {[%emt 0:01:07]} 42. Ke3 {[%emt 0:00:49]}
Qxe5 {[%emt 0:01:16]} 43. Qxb6 {[%emt 0:00:14][%cal Rb6d8] [#]} g6 {[%emt 0:00:
25]} 44. Kf3 {[%emt 0:07:15]} c4 {[%emt 0:00:58]} 45. Qb4+ {[%emt 0:01:03]} Kg7
{[%emt 0:00:35]} 46. Qxc4 {[%emt 0:00:09]} g5 {[%emt 0:00:43]} 47. e3 {[%emt 0:
01:16]} f5 $2 {[%eval -38,24] [%wdl 1,965,34] [%emt 0:00:25]} ({Black should
try} 47... Qh2 $19 {[%eval -564,29] [%wdl 0,0,1000]} 48. Qb5 Kg6) 48. exf5 $15
{[%emt 0:00:45]} Qxf5+ {[%eval 0,55] [%wdl 5,990,5] [%emt 0:00:39]} (48... exf5
$15 {[%eval -38,41] [%wdl 1,964,35]} 49. Qc6 g4+ 50. Kf2 Qh2+ 51. Ke1 Qe5) 49.
Kg3 $1 $11 {[%emt 0:00:50]} Qe5+ {[%emt 0:00:11]} 50. Kf2 {[%eval -119,44] 
[%wdl 0,296,704] [%emt 0:00:38]} (50. Kg4 $11 {[%eval 0,55] [%wdl 5,990,5]})
50... Kg6 $17 {[%emt 0:00:26] [#] White must now prevent ...Qh2+.} 51. Qc8 {
[%eval -257,32] [%wdl 0,0,1000] [%emt 0:00:37]} (51. Qc6 $17 {[%eval -119,39] 
[%wdl 0,297,703]}) 51... g4 $2 {[%eval 0,67] [%wdl 5,990,5] [%emt 0:00:48]} (
51... Qe4 $1 $19 {[%eval -257,32] [%wdl 0,0,1000] aiming for ...Kf5.} 52. Qe8+
Kf5) 52. Qg8+ {[%emt 0:01:43] The position is equal.} Kh5 {[%emt 0:00:10]
Hoping for ...Qh2+.} 53. Qh7+ {[%emt 0:01:10]} Kg5 {[%emt 0:00:22]} 54. Qg8+ {
[%emt 0:00:09]} Kh4 {[%emt 0:00:53]} 55. Qh7+ {[%emt 0:00:19]} Qh5 {[%emt 0:00:
33]} 56. Qe7+ {[%emt 0:00:59]} Kh3 {[%emt 0:00:33]} 57. Qxe6 {[%emt 0:00:15]}
Qh4+ {[%emt 0:00:25]} {[%tqu "En","","","","f2f1","",10]} 58. Kf1 $1 {[%emt 0:
01:15]} Qg3 {[%emt 0:00:33] Strongly threatening ...Qg2+.} 59. Qh6+ {[%emt 0:
00:11]} Qh4 {[%emt 0:00:07]} 60. Qxh4+ {[%emt 0:02:40]} Kxh4 {[%emt 0:00:18]}
61. Kg2 {[%emt 0:00:01]} Kg5 {[%emt 0:00:10]} 62. Kg3 {[%emt 0:00:07]} Kf5 {
[%emt 0:00:12]} 63. e4+ {[%emt 0:00:31]} Kxe4 {[%emt 0:00:11]} 64. Kxg4 {
[%emt 0:00:04] Weighted Error Value: White=0. 42/Black=0.14 (very precise)}
1/2-1/2

[Event "I IRT Mem Mauricio Maghelly - ALEX 2023"]
[Site "?"]
[Date "2023.01.31"]
[Round "2.5"]
[White "Lopes, Eduardo Moraes"]
[Black "Mesquita, Arnaldo Leite"]
[Result "0-1"]
[WhiteElo "1744"]
[BlackElo "1760"]
[PlyCount "70"]
[EventDate "2023.??.??"]

{[%evp 16,70,78,78,68,12,18,0,6,6,40,0,67,0,0,2,60,-4,32,-33,60,70,73,57,52,55,
68,53,57,55,68,41,50,13,15,-27,0,0,0,0,0,0,0,0,12,11,38,18,11,16,14,13,14,-272,
-267,-533,-551]} 1. e4 {[%emt 0:00:01][%cal Be2e4,Be4e5][%mdl 32]} Nf6 {
[%emt 0:00:27]} 2. e5 {[%emt 0:00:08]} Nd5 {[%emt 0:00:07]} 3. d4 {[%emt 0:00:
13]} d6 {[%emt 0:00:08]} 4. Nf3 {[%emt 0:00:24]} Bg4 {[%emt 0:00:11]} 5. Be2 {
[%emt 0:00:38]} Nc6 {[%emt 0:00:27]} 6. c4 {[%emt 0:03:55]} Nb6 {[%emt 0:00:07]
} 7. exd6 {[%emt 0:00:25]} exd6 {[%emt 0:00:13]} 8. O-O {[%emt 0:01:07]} Be7 {
[%emt 0:00:20]} {[%tqu "En","","","","b2b3","",10]} 9. b3 $1 {[%emt 0:01:14]}
O-O {[%emt 0:01:14] B05: Alekhine's Defence: 4 Nf3 Bg4.} 10. Bb2 {[%eval 12,30]
[%wdl 12,985,3] [%emt 0:00:50]} (10. Nc3 $14 {[%eval 68,29] [%wdl 186,814,0]})
10... Bf6 $11 {[%emt 0:00:39]} 11. Na3 {[%emt 0:04:36]} Re8 {[%emt 0:02:26]
The position is equal.} 12. Nc2 {[%emt 0:00:42]} a5 {[%eval 40,31] [%wdl 47,
952,1] [%emt 0:03:18]} (12... d5 $11 {[%eval 6,31] [%wdl 8,988,4] was
preferrable.}) 13. Re1 $146 {[%eval 0,27] [%wdl 6,988,6] [%emt 0:04:28]} (13.
Ne3 $14 {[%eval 40,31] [%wdl 47,952,1]} Bh5 14. Qd2) ({Predecessor:} 13. Ne3
Bh5 14. Rb1 Bg6 15. Rc1 a4 16. Ng4 axb3 17. Nxf6+ Qxf6 18. axb3 Ra2 19. Qd2 {
0-1 (27) Chakeeva,A (1752)-Davletbayeva,M (2236) Pavlodar 2012}) 13... Nb4 {
[%eval 67,29] [%wdl 166,834,0] [%emt 0:06:04]} (13... d5 $11 {[%eval 0,27] 
[%wdl 6,988,6]}) 14. a3 {[%eval 2,32] [%wdl 6,989,5] [%emt 0:06:02]} ({Better
is} 14. Ne3 $14 {[%eval 67,29] [%wdl 166,834,0]} Bh5 15. a3) 14... Nxc2 {
[%emt 0:08:26]} 15. Qxc2 {[%emt 0:00:05][%cal Of3g5]} Nd7 {[%eval 60,23] [%wdl
123,877,0] [%emt 0:01:55]} (15... Bh5 $11 {[%eval 2,32] [%wdl 6,989,5]}) {
[%tqu "En","","","","f3g5","",10]} 16. Qd2 {[%eval -4,30] [%wdl 4,990,6] [%emt
0:08:21]} (16. Ng5 $1 $14 {[%eval 60,23] [%wdl 123,877,0]} Bxg5 17. Bxg4) 16...
b6 {[%eval 32,29] [%wdl 29,970,1] [%emt 0:02:55]} (16... h6 $11 {[%eval -4,30]
[%wdl 4,990,6]}) 17. Bd3 {[%eval -33,28] [%wdl 1,969,30] [%emt 0:03:08]} (17.
h3 $14 {[%eval 32,29] [%wdl 29,970,1]} Bf5 18. Bd3 Bxd3 19. Qxd3) 17... c6 {
[%eval 60,30] [%wdl 116,884,0] [%emt 0:06:03]} (17... Bxf3 $15 {[%eval -33,28]
[%wdl 1,969,30]} 18. Rxe8+ Qxe8) 18. Rxe8+ $14 {[%emt 0:01:21]} Qxe8 {[%emt 0:
00:26]} 19. Re1 {[%emt 0:00:15]} Qd8 {[%emt 0:00:12]} 20. Be4 {[%emt 0:06:16]
And now Qf4 would win.} Qc7 {[%emt 0:00:42]} 21. h3 {[%emt 0:00:52]} Bxf3 {
[%emt 0:04:34]} 22. Bxf3 {[%emt 0:00:21]} Nf8 {[%emt 0:00:35]} 23. Re2 {
[%emt 0:06:02]} Rd8 {[%emt 0:02:19]} 24. Qe1 {[%eval 13,32] [%wdl 9,989,2] 
[%emt 0:06:22]} (24. h4 $14 {[%eval 50,32] [%wdl 65,935,0]}) 24... d5 $11 {
[%emt 0:06:16]} 25. Re8 {[%eval -27,39] [%wdl 1,980,19] [%emt 0:04:07]} (25.
cxd5 {[%eval 15,34] [%wdl 10,988,2] is superior.} cxd5 26. g3) 25... Qd7 {
[%emt 0:02:26]} (25... dxc4 {seems wilder.} 26. bxc4 c5 27. Bd5 Rxe8 28. Qxe8
cxd4 29. Qe4 Qe5) 26. Rxd8 {[%emt 0:01:18]} Qxd8 {[%emt 0:00:10]} 27. cxd5 {
[%emt 0:02:48]} cxd5 {[%emt 0:00:18]} 28. Qc3 {[%emt 0:01:17]} Qd7 {[%emt 0:04:
01]} 29. b4 {[%emt 0:02:23]} Qb5 {[%emt 0:06:27]} 30. Qb3 {[%emt 0:02:11]} Qe8
{[%emt 0:06:30] [#] White must now prevent ...Qe1+.} 31. Bxd5 {[%emt 0:00:47]
Strongly threatening g3.} Qe1+ {[%emt 0:01:06]} 32. Kh2 {[%emt 0:00:03]} Qxf2 {
[%emt 0:01:19] Threatens to win with ...Be7.} 33. Bxf7+ {[%emt 0:00:35]} Kh8 {
[%emt 0:00:27] aiming for ...Bg5.} 34. Qc3 $2 {[%eval -272,27] [%wdl 0,0,1000]
[%emt 0:02:52][%mdl 8192]} ({Don't blunder} 34. bxa5 $2 Be7 35. Qd5 (35. Qxb6
$2 Bg5 $19) 35... Qxb2 36. axb6 Qxb6 $19) (34. Bc4 $11 {[%eval 14,38] [%wdl 9,
989,2]}) 34... Bg5 $19 {[%emt 0:01:02] [#] ( -> ...Bf4+)} 35. Qf3 {[%eval -533,
20] [%wdl 0,0,1000] [%emt 0:01:32]} (35. Bc4 Bf4+ 36. Kh1 Be3 $19) (35. Bc1 {
[%eval -267,29] [%wdl 0,0,1000]} Bxc1 36. Qxc1 Qxf7 37. bxa5 bxa5 38. Qc5)
35... Bf4+ {[%emt 0:01:03] Weighted Error Value: White=0.53/Black=0.22 
(precise)} ({Resist} 35... Qxb2 36. Bc4 Be7 37. Qd5 Bd6+ 38. Qxd6 $18) 0-1